000 00558nam a2200181Ia 4500
005 20250326130811.0
008 250326s9999 xx 000 0 und d
037 _aTextbook
040 _aFMSL
_beng
_cFMSL
041 _aeng
_2eng
084 _aX:8(L) Q7
_qFMSL
100 _aZimmermn D L
_9741388
245 0 _aPerson-focused health care management: foundation guide for health care managers
_cZimmermn D L; Osborn-harrison D G
260 _aNY
_bNY, Springer
_c2017
300 _a262p
942 _cTB
_hX:8(L) Q7
999 _c1284168
_d1284168